|
|
|
|
| LEADER |
01024nam a2200265 a 4500 |
| 001 |
1672526 |
| 008 |
110714s1999 njua b 001 0 eng |
| 010 |
|
|
|a 98044574
|
| 020 |
|
|
|a 0130836591
|
| 020 |
|
|
|a 013744186X
|
| 040 |
|
|
|a DLC
|c DLC
|d DLC
|d BD-DhAAL
|
| 082 |
0 |
0 |
|a 658.4/038/0285574
|2 21
|
| 100 |
1 |
|
|a Marakas, George M.
|
| 245 |
1 |
0 |
|a Decision support systems in the twenty-first century /
|c George M. Marakas.
|
| 246 |
3 |
|
|a Decision support systems in the 21st century
|
| 260 |
|
|
|a Upper Saddle River, N.J. :
|b Prentice Hall,
|c c1999.
|
| 300 |
|
|
|a xxi, 506 p. :
|b ill. ;
|c 25 cm.
|
| 504 |
|
|
|a Includes bibliographical references (p. 487-495) and index.
|
| 541 |
|
|
|e 00012433
|
| 650 |
|
0 |
|a Decision support systems.
|
| 650 |
|
0 |
|a Database management.
|
| 650 |
|
0 |
|a Data mining.
|
| 852 |
1 |
|
|a Ayesha Abed Library
|c General Shelf.
|
| 999 |
|
|
|c 11068
|d 11068
|
| 952 |
|
|
|0 0
|1 0
|2 ddc
|4 0
|6 658_403802855740000_MAR
|7 0
|9 17438
|a BRACUL
|b BRACUL
|c GEN
|d 2011-07-14
|g 250.00
|l 0
|o 658.40380285574 MAR
|p 3010012433
|r 2011-07-14
|t 1
|w 2011-07-14
|y BK
|